000 00584nam a22001697a 4500
005 20250117111901.0
008 250117b |||||||| |||| 00| 0 eng d
020 _a978-0-7627-4436-7
050 _aTT 157 .F73 2008
_bC.1
100 _aFRAZIER SHIRLEY GEORGE
245 _aTHE GIFT BASKET DESIGN BOOK: EVERYTHING YOU NEED TO KNOW TO CREATE BEAUTIFUL, PROFESSIONAL- LOOKING GIFT BASKETS FORALL OCCASIONS
250 _aSECOND EDITION
260 _aGUILFORD
_bTHE GLOBE PEQUOT PRESS
_c2008
300 _aIX, 196P.
500 _aINCLUDES BIBLIOGRAPHICAL REFERENCES
942 _2ddc
_cBK
999 _c214460
_d214460